000 00762nam a2200229 a 4500
001 000022962
005 20200930021910.0
008 101123s1990 sp ab r 000 0 spa d
020 _a8439717083
040 _aDO-SdBNP
_bspa
_cBNPHU
082 _a863.64
_bA639t
100 1 _aAparicio, Juan Pedro,
_d1941-
_947217
245 1 0 _aEl transcantábrico :
_bviaje en "el hullero" /
_cJuan Pedro Aparicio.
260 _aMadrid, (España) :
_bMondadori,
_c1990.
300 _a177, [2] p. :
_bil., mapas ;
_c20 cm.
490 1 _aNarrativa Mondadori
650 4 _aNovela española
_91123
650 4 _aLiteratura española
_9632
651 4 _aCantabria (Región De España{Rpara}
_xDescripciones Y Viajes
_947218
830 0 _aNarrativa Mondadori
_921246
049 _aBNGR
999 _c22459
_d22459